Las civilizaciones de la Europa antigua
Zapisane w:
| 1. autor: | |
|---|---|
| Format: | Książka |
| Język: | hiszpański |
| Wydane: |
Barcelona, España
Juventud
1972
|
| Seria: | Las Grandes civilizaciones
|
| Hasła przedmiotowe: | |
| Etykiety: |
Dodaj etykietę
Nie ma etykietki, Dołącz pierwszą etykiete!
|
MARC
| LEADER | 00000nam a2200000 a 4500 | ||
|---|---|---|---|
| 001 | UCP8752 | ||
| 003 | CL-VaPUC | ||
| 005 | 20231102151813.0 | ||
| 008 | 000310e19720000SP |||||||||||||||||spa|d | ||
| 999 | |c 285639 |d 285637 | ||
| 040 | |c Pontificia Universidad Católica de Valparaíso | ||
| 082 | 0 | 4 | |a 936 MAN 1972 |2 21 |
| 100 | |a Mansuelli, Guido A. |e autor |9 438932 | ||
| 245 | 1 | 4 | |a Las civilizaciones de la Europa antigua |
| 260 | |a Barcelona, España |b Juventud |c 1972 | ||
| 300 | |a 570 páginas | ||
| 490 | 0 | |a Las Grandes civilizaciones | |
| 583 | |a last modification |c 20170518 01:08:38 |k Rodrigo Vera | ||
| 650 | 0 | |a Historia de Europa |9 392003 | |
| 650 | 0 | |a Historia antigua |9 267521 | |
| 650 | 0 | |a Prehistoria |9 316557 | |
| 651 | 0 | |a Europa |9 255156 | |
| 651 | 0 | |a Grecia |9 265314 | |
| 651 | 0 | |a Roma |9 255106 | |
| 942 | |c BK |2 ddc | ||
| 945 | |d 20000310 00:00:00 |a rherrera | ||
| 952 | |0 0 |1 0 |4 0 |6 936_000000000000000_MAN_1972 |7 0 |8 A |9 330376 |a BIBHIS |b BIBHIS |d 2019-11-20 |i 1394002 |o 936 MAN 1972 |p 1394002 |r 2025-01-20 |w 2019-11-20 |y BK |k HIS | ||